Woolf reforms bite at dilapidations (Record no. 67993)

MARC details
000 -LEADER
fixed length control field 01528cam a2200241 4500
001 - CONTROL NUMBER
control field ABS64400
008 - FIXED-LENGTH DATA ELEMENTS--GENERAL INFORMATION
fixed length control field 010813n2001 000 0 eng u
035 ## - SYSTEM CONTROL NUMBER
System control number (Sirsi) u114072
100 ## - MAIN ENTRY--PERSONAL NAME
Personal name Shaw, E.
245 ## - TITLE STATEMENT
Title Woolf reforms bite at dilapidations
260 ## - PUBLICATION, DISTRIBUTION, ETC.
Date of publication, distribution, etc. 2001
490 ## - SERIES STATEMENT
Series statement CSM (Chartered Surveyor Monthly)
Volume/sequential designation (7&8) 2001, 34-35(2)
520 ## - SUMMARY, ETC.
Summary, etc. Examines the role of the new Civil Procedure Rules and the need to consider the application of pre-action protocols in dilapidations disputes. Potentially CPR, intended to streamline adjudication, could complicate the settling of disputes in dilapidations. Most dilapidations cases are settled out of court but they still need to be enforceable in court. However dilapidations cases tend to conflict with the CPR intention to reduce the number of experts of having one court-appointed expert rather than one per party. Surveyors have also tended to act as advisors to their clients and then become expert witnesses during the proceedings, leaving them open to questions on their impartiality. Those involved, practitioners, landlords and tenants will have to reconsider how they approach dilapidations issues if they are to avoid criticism for failing to abide by the intentions of the new rules.
590 ## - LOCAL NOTE (RLIN)
Local note ABS
650 ## - SUBJECT ADDED ENTRY--TOPICAL TERM
Topical term or geographic name entry element CIVIL PROCEDURE RULES
650 ## - SUBJECT ADDED ENTRY--TOPICAL TERM
Topical term or geographic name entry element WOOLF REFORMS
650 ## - SUBJECT ADDED ENTRY--TOPICAL TERM
Topical term or geographic name entry element DISPUTE RESOLUTION
9 (RLIN) 6236
650 ## - SUBJECT ADDED ENTRY--TOPICAL TERM
Topical term or geographic name entry element LITIGATION
650 ## - SUBJECT ADDED ENTRY--TOPICAL TERM
Topical term or geographic name entry element PROFESSIONAL PRACTICE
650 ## - SUBJECT ADDED ENTRY--TOPICAL TERM
Topical term or geographic name entry element BUILDING SURVEYORS
690 ## - LOCAL SUBJECT ADDED ENTRY--TOPICAL TERM (OCLC, RLIN)
Topical term or geographic name as entry element Dilapidations
9 (RLIN) 6235
942 ## - ADDED ENTRY ELEMENTS (KOHA)
Suppress in OPAC 0
Holdings
Withdrawn status Lost status Source of classification or shelving scheme Damaged status Not for loan Home library Current library Shelving location Date acquired Total Checkouts Full call number Barcode Date last seen Copy number Price effective from Koha item type
    Dewey Decimal Classification     London London Journal article 13/08/2001   ABS64400 114072-1001 06/08/2019 1 06/08/2019 Journal article